| 000 | 00572nam a2200205Ia 4500 | ||
|---|---|---|---|
| 003 | GCL | ||
| 008 | 140319s9999 xx 000 0 eng d | ||
| 040 |
_aGCL / _cGCL |
||
| 082 | 0 | 4 |
_a005.13 _bB O |
| 100 | 1 | _aBILLIARD, MARC CARREL | |
| 245 | 1 | 0 |
_aOBJECT - ORIENTED APPLICATION DEVELOPMENT WITH VISUALAGE FOR 2++ FOR 05\2 / _cBILLIARD, MARC CARREL |
| 700 | 1 | _aJAKAB, PETER | |
| 700 | 1 | _aMAUNY, ISABELLE | |
| 260 |
_a[S.N] : _bI B M ، _c1996 |
||
| 300 | _a384 P | ||
| 650 | 0 | 4 | _aشعر الحرب |
| 650 | 0 | 4 | _aCOMPUTER LANGUAGE |
| 650 | 0 | 4 | _aC ++ |
| 942 |
_2ddc _cBK |
||
| 999 |
_c13828 _d13828 |
||